Laddar...
എം ടിയുടെ തിരക്കഥകൾ /
| Huvudupphovsman: | |
|---|---|
| Materialtyp: | Printed Book |
| Språk: | Malayalam |
| Publicerad: |
Kottayam :
1996.
|
| Ämnen: |
| LEADER | 00612nam a2200157Ia 4500 | ||
|---|---|---|---|
| 008 | 150624b xxu||||| |||| 00| | mal d | ||
| 082 | |a 791.4375 | ||
| 100 | |a Vasudevan Nair, M. T. | ||
| 245 | |c എം ടി വാസുദേവൻ നായർ |a എം ടിയുടെ തിരക്കഥകൾ / | ||
| 246 | |a M tiyude thirakkadakal / |h Malayalam | ||
| 260 | |a Kottayam : |c 1996. | ||
| 546 | |a In Malayalam. | ||
| 650 | |a Film adaptations | ||
| 942 | |c BK | ||
| 999 | |c 83511 |d 83511 | ||
| 952 | |0 0 |1 0 |4 0 |6 791_437500000000000_VAS_T_M |7 0 |9 83455 |a UL |b UL |c ST1 |d 1998-09-15 |l 4 |m 1 |o 791.4375 VAS/T M |p 69207 |r 2015-03-16 |s 2015-02-19 |y BK | ||